000 00429nam a22001577a 4500
020 _a9788184232950
082 _aM4
_bSUK/S
100 _aSukumar Azheekode
_9150625
245 _aSahithyavum rashtreeyavum/
_cby Sukumar Azheekode
260 _aThrissur:
_bGreen Books,
_c2014.
300 _a152p.
650 _aEssays Malayalam
_9150626
650 _aLiterature Malayalam
_9150627
650 _aLiterature
_9150628
942 _cBK
999 _c141379
_d141379